Derecho, igualdad y dignidad: en torno al pensamiento de R. Dworkin

محفوظ في:
التفاصيل البيبلوغرافية
المؤلف الرئيسي: Porras del Corral, Manuel (مؤلف)
التنسيق: كتاب
اللغة:الإسبانية
منشور في: Córdoba Universidad de Córdoba 1989
سلاسل:Serie: Monografías, 176
الموضوعات:
الوسوم: إضافة وسم
لا توجد وسوم, كن أول من يضع وسما على هذه التسجيلة!

MARC

LEADER 00000nam a2200000 a 4500
001 UCV2530
003 CL-VaPUC
008 920813e19890000SP |||||||||||||||||spa|d
082 0 4 |a 340.1  |b POR  |2 21 
100 0 |a Porras del Corral, Manuel  |e author  |9 296767 
245 1 0 |a Derecho, igualdad y dignidad: en torno al pensamiento de R. Dworkin 
300 |a 216 p 
942 |c BK 
945 |d 19920813 00:00:00 
260 |a Córdoba  |b Universidad de Córdoba  |c 1989 
600 0 |a Dworkin, Ronald   |9 257913 
650 7 |a FILOSOFIA POLITICA  |2 CL-VaPUC  |9 296768 
650 0 |a Positivismo jurídico  |9 255992 
583 |a last modification  |c 19920813 00:00:00  |k Rodrigo Vera 
490 0 |a Serie: Monografías, 176 
999 |c 210073  |d 210071 
952 |0 0  |1 0  |4 0  |6 340_100000000000000_POR_1989  |7 0  |8 DER_TF  |9 186081  |a BIBDER  |b BIBDER  |d 2019-11-14  |i 2535424  |o 340.1 POR 1989  |p 2535424  |r 2023-01-25  |w 2019-11-14  |x Ubicación 4to Piso  |y BK  |z Estos recursos deben solicitarse con anticipación  |k DER